000 00441pab a2200169 454500
008 180718b2006 xxu||||| |||| 00| 0 eng d
100 _aSteinman, Erich
245 _a(Mixed) perceptions of tribal nations' status: implications for Indian gaming
260 _c2006
300 _ap.296-314.
362 _aNov
650 _aTribes - India
650 _aTribes
773 _aAmerican Behavioral Scientist
908 _aN
909 _a72365
999 _c72365
_d72365